| 000 | 00620nam a2200229Ia 4500 | ||
|---|---|---|---|
| 008 | 160803s9999 xx 000 0 und d | ||
| 020 | _a9780531281611 | ||
| 100 | _aDoak, Robin S. | ||
| 245 | _aNational intelligence / | ||
| 245 | _cby Robin S. Doak. | ||
| 260 | _aNew York : | ||
| 260 | _bScholastic Inc. | ||
| 260 | _c2013 | ||
| 300 | _a64 pages : | ||
| 300 | _billustrations (some color), map ; | ||
| 300 | _c24 cm. | ||
| 650 | _aEspionage, American -- | ||
| 650 | _aIntelligence service -- United States -- | ||
| 650 | _xJuvenile literature. | ||
| 650 | _xJuvenile literature. | ||
| 700 | _a1040 | ||
| 999 |
_c299760 _d299760 |
||